| 000 | 00620cam a2200217 4500 | ||
|---|---|---|---|
| 001 | 10281 | ||
| 005 | 20230411085832.0 | ||
| 008 | 060907s2000 ja eng | ||
| 035 | _9funglode10362 | ||
| 041 | _aeng | ||
| 050 | 1 | 4 |
_aR HC 461 _bJ35 2000 |
| 245 | 0 | 0 | _aJapan company handbook |
| 260 |
_aTokyo : _bToyo Keizai, _c2000 |
||
| 300 | _a2 t. | ||
| 650 | 0 |
_aIndustries _zJapan _vDirectories. |
|
| 650 | 0 |
_aJapan _xCommerce _vDirectories. |
|
| 650 | 0 |
_aCorporations _zJapan _vDirectories. |
|
| 650 | 0 |
_aCorporations _zJapan _xFinance _vStatistics. |
|
| 650 | 4 |
_aIndustria _zJapón _vDirectorios. |
|
| 942 |
_2lcc _cbk |
||
| 999 |
_c108034 _d108034 |
||